000 00496nam a2200181Ia 4500
003 LK-CoDNM
005 20240316145139.0
008 010623t1932 xxu||||| |||| 00| 1 sin d
040 _aLK-CoDNM
_dLK-CoDNM
_eLK-CoDNM
041 _asin
080 _a104 HH9
100 _aDrieberg,J.C
245 _aකර්ුෂිකර්ම ශාස්ත්‍රය
246 _aSoil and Soil Improvement
260 _bJ.C.Drieberg
_aKandy
_c1932
300 _bDamaged
_a82p.,iill, 22 cm
942 _cBK
999 _c96240
_d96240